| 000 | 00485nam a2200133Ia 4500 | ||
|---|---|---|---|
| 008 | 170221s9999 xx 000 0 und d | ||
| 100 | _aFangwei Wang | ||
| 245 | 2 | _aA Worm Defending Model with Partial Immunization and Its Stability Analysis | |
| 245 | _cFangwei Wang, Yong Yang, Dongmei Zhao, and Yunkai Zhang. | ||
| 260 | _bJournal of Communications | ||
| 650 | _xCommunication | ||
| 650 | _xMedia Arts | ||
| 856 | _uhttp://www.jocm.us/index.php?m=content&c=index&a=lists&catid=145 | ||
| 999 |
_c312660 _d312660 |
||